00679nam a2200193 a 450000500170000000800410001702000180005804000480007604100080012410000210013224500760015326000610022930000360029049000470032650400530037365000340042665000120046065000130047220210224081433.0120830s2014 ncua|||gr|||| 00| 0 eng d a9780822356004 aCO-BoUCMbspacDeissy GarciadDeissy Garcia0 aeng1 aFletcher, Robert10aRomancing the wild bcultural dimensions of ecotourismcRobert Fletcher aDurham (Carolina del Norte)bDuke University Pressc2014 ax, 248 páginasbilustraciones0 aNew ecologies for the twenty-first century aIncluye referencias bibliográficas e índices 7aEcoturismoxAspectos sociales 7aTurismo 7aTuristas